00799nam a2200253Ia 450000500170000000800410001702000180005804000180007604100080009408200220010210000170012424500760014125000120021726000460022930000290027565000320030465000280033665000470036465000410041165000330045270000180048570000200050370000220052320230504103638.0210716s2016 xx 000 0 und d a9788126514694 cAIMIT LIBRARY aeng a004.694 21bCHAH aChan, Henry. aE- commerce: bfundamentals and applications /cBy Chan, Henry...et.al. a1st ed. aNew Delhi :bWiley India Pvt Ltd ,c2016. axxiv,479p. ;bPBc23 cm. aInternet and world wide web aClient side programming aBasic cryptography for enabling e-commerce aAdvanced technologies fpr e-commerce aConsumer oriented e-commerce aLee, Raymond. aDillon, Tharam. aChang, Elizabeth.